| 000 | 01788nam a2200253 i 4500 | ||
|---|---|---|---|
| 003 | DO-SdBNP | ||
| 005 | 20230914125155.0 | ||
| 007 | ta | ||
| 008 | 150114s2022 dr d 000 0 spa d | ||
| 040 |
_aDO-SdBNP _bspa _cBNPHU _erda |
||
| 082 |
_222 _bG943 |
||
| 110 | 1 |
_aFederación Dominicana de Municipios (FEDOMU) _984131 |
|
| 245 | 1 | 0 |
_aGuía para el despliegue del sistema de calidad en la gestión de los servicios de residuos sólidos municipio Santo Domingo Este / _cconsultor Bernardo Matías |
| 264 |
_aSanto Domingo : _bFEDOMU, _c2022. |
||
| 300 |
_a75 páginas _bgráficos _c28 cm. |
||
| 336 |
_2rdacontent _atexto _btxt |
||
| 337 |
_2rdamedia _asin mediación _bn |
||
| 338 |
_2rdacarrier _avolumen _bnc |
||
| 505 |
_tParticipantes en la discusión, diseño y validación -- _tParticipantes en grupos focales con las comunidades -- _tSiglas -- _tGlosario -- _tPresentación -- _gCapitulo I. -- _tIntroducción -- _gCapitulo II. -- _tLa calidad en la gestión de los residuos sólidos del municipio Santo Domingo Este -- _gCapitulo III. -- _tObjetivos de la guía -- _gCapitulo IV. -- _tSituación actual del sistema de recolección de los residuos sólidos del ASDE -- _gCapitulo V. -- _tCaracterísticas, naturaleza y alcance del sistema -- _gCapitulo VI. -- _tPolíticas y objetivos de calidad de los servicios del sistema de gestión de los residuos sólidos municipales -- _gCapitulo VII. -- _tPrincipios rectores del sistema de calidad para la gestión de los residuos sólidos municipales -- _gCapitulo VIII. -- _tModelo para la calidad en la gestión de los servicios de recolección de los residuos sólidos en el ayuntamiento de Santo Domingo Este / |
||
| 590 | _aInventariado, 2023/ YL | ||
| 700 | 1 |
_aMatías, Bernardo _econsultor _984132 |
|
| 910 | _aYLockward | ||
| 942 |
_2ddc _cLBS1 |
||
| 999 |
_c54753 _d54753 |
||